Statistics for IGN Top 100 Comic Book Heroes

Click here to take the quiz!

General Stats

  • This quiz has been taken 4,880 times
    (2,474 since last reset)
  • The average score is 43 of 100

Answer Stats

HintAnswer% Correct
#1Superman
99%
#2Batman
99%
#45Spider Jerusalem
96%
#12Iron Man
95%
#9Hulk
94%
#6Captain America
93%
#5Wonder Woman
92%
#4Wolverine
91%
#3Spider Man
91%
#49Flash II
88%
#14Thor
88%
#8Flash III
88%
#11Nightwing
85%
#32Red Robin
84%
#55 | #7Green Lantern
83%
#74Black Widow
79%
#44Hawkeye
79%
#52Aquaman
78%
#39Cyclops
78%
#22Professor X
75%
#67Hank Pym
72%
#18Thing
72%
#31Deadpool
70%
#40Mr Fantastic
69%
#46Human Torch
68%
#42Storm
68%
#51Black Panther
68%
#30Green Arrow
67%
#58Beast
66%
#50Captain Marvel
66%
#10Daredevil
66%
#13Jean Grey
64%
#17Oracle
63%
#66Invisible Woman
62%
#94Supergirl
57%
#20Catwoman
55%
#43Martian Manhunter
49%
#38Dr Strange
49%
#99Wasp
49%
#72Luke Cage
48%
#80Nightcrawler
47%
#27Punisher
47%
#68Iron Fist
45%
#41Silver Surfer
44%
#96Falcon
43%
#90Ghost Rider
38%
#56Hawkman
37%
#88She-Hulk
37%
#65Gambit
37%
#33Nick Fury
36%
#81Black Canary
34%
#100Groo
33%
#63Blade
30%
#83Superboy
30%
#77Namor
29%
#25Hellboy
28%
#47Kitty Pryde
28%
#64Atom
27%
#53Bucky
25%
#29John Constantine
25%
#28Swamp Thing
24%
#36Spawn
24%
#89Moon Knight
23%
#61Ted Kord
23%
#19James Gordon
23%
#16Rorschach
22%
#26Rick Grimes
20%
#82Eric O' Grady
19%
#98Nova
19%
#59Booster Gold
19%
#79Captain Britain
17%
#23Raphael
14%
#93Donna Troy
14%
#15Dream of Endless
13%
#75Marv
13%
#35Judge Dredd
12%
#73Jonah Hex
12%
#85Black Lightning
12%
#34Jesse Custer
11%
#69Scott Pilgrim
10%
#57The Tick
10%
#70Spectre
10%
#21The Spirit
10%
#86Michonne
9%
#87Renee Montoya
9%
#37The Crow
9%
#71Wildcat
9%
#24Yorick Brown
8%
#95Savage Dragon
6%
#78Sgt Rock
6%
#97Adam Strange
6%
#76Rocketeer
6%
#48Mitchell Hundred
5%
#92Usagi Yojimbo
5%
#60Fone Bone
5%
#91Cerebus
5%
#54Elijah Snow
5%
#84Ka-Zar
5%
#62Dashiell Bad Horse
4%

Score Distribution

Percentile by Number Answered

Percent of People with Each Score

Your Score History

You have not taken this quiz since the last reset